[Event "18th ch-EUR Indiv w 2017"]
[Site "Riga LAT"]
[Date "2017.04.15"]
[Round "5.14"]
[White "Danielian,E"]
[Black "Mammadzada,G"]
[Result "1-0"]
[WhiteElo "2437"]
[BlackElo "2348"]

1.d4 d5 2.c4 c6 3.Nf3 Nf6 4.e3 Bf5 5.Nc3 e6 6.Nh4 Be4 7.f3 Bg6 8.Qb3 Qc7 9.Bd2
Be7 10.g3 Bh5 11.O-O-O Nfd7 12.g4 dxc4 13.Bxc4 b5 14.Be2 Bg6 15.Nxg6 hxg6
16.f4 a5 17.Qc2 Na6 18.Kb1 Nb4 19.Qe4 Nf6 20.Qf3 Rd8 21.h4 Qd7 22.e4 Na6
23.Be3 Nc7 24.h5 gxh5 25.gxh5 b4 26.Na4 Nb5 27.Qg2 Qa7 28.Bf3 Rg8 29.Nc5 a4
30.e5 Nd5 31.Bxd5 cxd5 32.h6 g6 33.h7 Rh8 34.f5 Bxc5 35.fxg6 fxg6 36.Qxg6+ Qf7
37.Qxf7+ Kxf7 38.dxc5 Ke8 39.c6 Rc8 40.Rdg1 Kf8 41.Bh6+ {#r} 1-0

[Event "18th ch-EUR Indiv w 2017"]
[Site "Riga LAT"]
[Date "2017.04.15"]
[Round "5.17"]
[White "Cramling,P"]
[Black "Antova,Gabriela"]
[Result "1-0"]
[WhiteElo "2452"]
[BlackElo "2335"]

1.d4 d5 2.Nf3 Nf6 3.c4 c6 4.Nc3 dxc4 5.a4 e6 6.e3 c5 7.Bxc4 Nc6 8.O-O cxd4
9.Nxd4 Nxd4 10.exd4 Be7 11.Be3 O-O 12.Qf3 Qc7 13.b3 Bd7 14.d5 Bb4 15.Nb5 Bxb5
16.axb5 exd5 17.Bxd5 Nxd5 18.Qxd5 Rfd8 19.Qe4 Bd6 20.Rxa7 Rab8 21.g3 Re8
22.Qc4 Qe7 23.Rd1 h5 24.Kg2 Rbd8 25.Rd5 Bb8 26.Bg5 Rc8 27.Bxe7 Rxc4 28.bxc4
Bxa7 29.Rd7 Rc8 30.Rxb7 Bd4 31.b6 Rxc4 32.Rc7 {#r} 1-0

[Event "18th ch-EUR Indiv w 2017"]
[Site "Riga LAT"]
[Date "2017.04.15"]
[Round "5.18"]
[White "Malakhova,Elizaveta"]
[Black "Galliamova,A"]
[Result "0-1"]
[WhiteElo "2324"]
[BlackElo "2444"]

1.b3 b6 2.Bb2 Bb7 3.Nf3 Nf6 4.e3 g6 5.c4 Bg7 6.d4 O-O 7.Nbd2 e6 8.Qc2 c5 9.Be2
cxd4 10.Bxd4 d6 11.O-O Nbd7 12.Rfd1 Qe7 13.Rac1 Rac8 14.Qb1 e5 15.Bb2 e4
16.Nd4 a6 17.b4 h5 18.h3 Nh7 19.N2b3 Ng5 20.Ba3 Ne5 21.c5 Nef3+ 22.Kf1 Nh2+
23.Ke1 Ngf3+ 24.gxf3 exf3 25.Bd3 Qg5 26.Kd2 Qg2 27.Rf1 Nxf1+ 28.Rxf1 dxc5
29.bxc5 bxc5 30.Nxc5 Bd5 31.Bxa6 Ra8 32.Qd3 Rfd8 33.Bb2 Qxh3 34.Rg1 Qh2 35.Qf1
Qd6 36.Qb5 Rdb8 37.Bb7 Bxb7 38.Nxb7 Qa6 39.Qxa6 Rxa6 40.Nxf3 Rxa2 {#R} 0-1

[Event "18th ch-EUR Indiv w 2017"]
[Site "Riga LAT"]
[Date "2017.04.15"]
[Round "5.20"]
[White "Brunello,M"]
[Black "Gaponenko,I"]
[Result "0-1"]
[WhiteElo "2354"]
[BlackElo "2416"]

1.e4 c5 2.Nf3 Nc6 3.d4 cxd4 4.Nxd4 Nf6 5.Nc3 d6 6.Be2 g6 7.Be3 Bg7 8.O-O O-O
9.f3 d5 10.Nxd5 Nxd5 11.exd5 Qxd5 12.Nxc6 Qxc6 13.c3 e5 14.Qe1 Be6 15.Qf2 Rfd8
16.a4 a6 17.a5 Bf8 18.Rfc1 Rac8 19.b4 Bc4 20.Bb6 Rd2 21.Re1 Rxe2 22.Rxe2 Bxe2
23.Qxe2 Qxc3 24.Re1 Bxb4 {#R} 0-1

[Event "18th ch-EUR Indiv w 2017"]
[Site "Riga LAT"]
[Date "2017.04.15"]
[Round "5.24"]
[White "Gevorgyan,M"]
[Black "Bulmaga,I"]
[Result "0-1"]
[WhiteElo "2227"]
[BlackElo "2394"]

1.e4 e6 2.d4 d5 3.Nc3 Nf6 4.Bg5 dxe4 5.Nxe4 Be7 6.Bxf6 gxf6 7.f4 f5 8.Nf2 Qd6
9.Qd2 c5 10.Nf3 Nc6 11.O-O-O cxd4 12.Bb5 Bd7 13.Rhg1 O-O-O 14.Bxc6 Bxc6
15.Nxd4 Bf6 16.c3 Bxd4 17.Qxd4 Qxd4 18.cxd4 Rd7 19.Kc2 Rhd8 20.Kc3 Rc7 21.Kd3
Bd5 22.b3 Rd6 23.Rc1 Ra6 24.Rxc7+ Kxc7 25.Rc1+ Kd7 26.Rc2 Bxg2 27.Ke3 Rc6
28.Rxc6 Kxc6 29.Nd3 f6 30.Kf2 Be4 31.Nc5 Bd5 32.Nd3 b6 33.Nc1 Kb5 34.Ne2 Kb4
35.Ng3 Ka3 36.Nh5 Kxa2 37.Nxf6 Kxb3 {#R} 0-1

[Event "18th ch-EUR Indiv w 2017"]
[Site "Riga LAT"]
[Date "2017.04.15"]
[Round "5.28"]
[White "Arakhamia-Grant,K"]
[Black "Pavlidou,E"]
[Result "1-0"]
[WhiteElo "2374"]
[BlackElo "2180"]

1.e4 c5 2.Nc3 Nc6 3.Bb5 g6 4.Bxc6 dxc6 5.d3 Bg7 6.Be3 b6 7.Qd2 e5 8.h3 Qe7
9.Nge2 Nf6 10.Bh6 O-O 11.g4 Rd8 12.O-O-O b5 13.Bxg7 Kxg7 14.Ng3 a5 15.f4 exf4
16.Qxf4 a4 17.e5 Nd5 18.Nxd5 Rxd5 19.Rde1 Rd4 20.Ne4 Be6 21.Qf6+ Qxf6 22.exf6+
Kf8 23.Nxc5 Bxa2 24.Re7 h6 25.Rhe1 Rad8 26.c3 R4d5 27.d4 g5 28.Rc7 Kg8 29.Ree7
Rxc5 30.dxc5 Bb3 31.Red7 Re8 32.Re7 Rd8 33.Rcd7 Rc8 34.Kd2 Kh7 35.Rc7 Rd8+
36.Red7 Rxd7+ 37.Rxd7 Bc4 38.Ke3 Bf1 39.Rxf7+ Kg6 40.Rc7 Bxh3 41.Kf3 Bf1
42.Rxc6 Bc4 43.Rd6 {#r} 1-0

[Event "18th ch-EUR Indiv w 2017"]
[Site "Riga LAT"]
[Date "2017.04.15"]
[Round "5.31"]
[White "Stefanova,A"]
[Black "Kazarian,Anna-Maja"]
[Result "1-0"]
[WhiteElo "2527"]
[BlackElo "2257"]

1.Nf3 d5 2.b3 Nf6 3.Bb2 Nbd7 4.c4 e6 5.e3 c6 6.Qc2 Bd6 7.g4 O-O 8.g5 Ne4 9.h4
f6 10.gxf6 Ndxf6 11.Rg1 Nxf2 12.Kxf2 e5 13.Ke1 Ne4 14.cxd5 cxd5 15.Qd3 Be6
16.Bh3 Rxf3 17.Bxe6+ Kh8 18.Qxd5 Qxh4+ 19.Kd1 Rd8 20.Qxb7 Ng5 21.Bd5 Rf2
22.Bc3 Qh5+ 23.Kc2 Qg6+ 24.Kb2 h6 25.a4 Rb8 26.Qc6 Rf6 27.Qc4 Qf5 28.Na3 Rc8
29.Qe2 Bxa3+ 30.Rxa3 e4 31.Bc4 Rb6 32.a5 Rbb8 33.a6 Qc5 34.Ka2 Rc7 35.Ra5 Qe7
36.Raxg5 Rxc4 37.Qxc4 {#r} 1-0

[Event "18th ch-EUR Indiv w 2017"]
[Site "Riga LAT"]
[Date "2017.04.15"]
[Round "5.32"]
[White "Daulyte,D"]
[Black "Ivanenko,O2"]
[Result "0-1"]
[WhiteElo "2443"]
[BlackElo "2252"]

1.e4 c5 2.Nf3 a6 3.Be2 Nc6 4.O-O Nf6 5.e5 Ng4 6.b4 b6 7.Bb2 e6 8.h3 Nh6 9.bxc5
bxc5 10.Na3 Be7 11.Nc4 O-O 12.d4 cxd4 13.Nxd4 Bb7 14.Nd6 Bxd6 15.exd6 Nxd4
16.Qxd4 Qg5 17.g3 f6 18.Rfd1 Qf5 19.g4 Qxc2 20.Rd2 Qg6 21.Bd3 Qg5 22.Rc2 Nf7
23.f4 Qh4 24.Kh2 Rfc8 25.Rac1 Rxc2+ 26.Rxc2 Qe1 27.g5 Qh1+ 28.Kg3 Qf3+ 29.Kh2
e5 30.fxe5 fxe5 31.Qc4 Qh1+ 32.Kg3 Qg1+ {#R} 0-1

[Event "18th ch-EUR Indiv w 2017"]
[Site "Riga LAT"]
[Date "2017.04.15"]
[Round "5.34"]
[White "Skripchenko,A"]
[Black "Mammadova,Narmin"]
[Result "1-0"]
[WhiteElo "2420"]
[BlackElo "2240"]

1.e4 e6 2.d4 d5 3.Nd2 c5 4.exd5 Qxd5 5.Ngf3 cxd4 6.Bc4 Qd6 7.O-O Nf6 8.Nb3 Nc6
9.Nbxd4 Nxd4 10.Nxd4 a6 11.Bb3 Be7 12.c3 O-O 13.Qf3 Qc5 14.Re1 Bd6 15.Bc2 Qd5
16.Qxd5 Nxd5 17.Bb3 Nf4 18.Be3 e5 19.Bxf4 exf4 20.Bd5 Rb8 21.Rad1 Rd8 22.h3
Bd7 23.Nf3 Bf5 24.Bxb7 h6 25.Be4 Be6 26.b3 Rbc8 27.Bd5 Bf5 28.Nd4 Bd7 29.Bc4
Bc5 30.Bxa6 Ra8 31.Bc4 f3 32.b4 Bf8 33.Nxf3 Rac8 34.Bxf7+ Kh7 35.Rxd7 Rxd7
36.Be6 Rdc7 37.Bxc8 Rxc8 38.Re3 {#r} 1-0

[Event "18th ch-EUR Indiv w 2017"]
[Site "Riga LAT"]
[Date "2017.04.15"]
[Round "5.55"]
[White "Limanovska,Elizabete"]
[Black "Balaian,Ali"]
[Result "0-1"]
[WhiteElo "1990"]
[BlackElo "2229"]

1.e4 e6 2.d4 d5 3.Nd2 c5 4.exd5 Qxd5 5.Ngf3 cxd4 6.Bc4 Qd6 7.O-O Nf6 8.Nb3 Nc6
9.Nbxd4 Nxd4 10.Nxd4 a6 11.Bb3 Qc7 12.Re1 Bd6 13.Nf5 Bxh2+ 14.Kh1 O-O 15.Nxg7
Rd8 16.Qf3 Kxg7 17.Bh6+ Kg6 18.c3 Nh5 19.Re4 f5 20.Rh4 Nf6 21.Rxh2 Ng4 22.Rh3
Rd3 23.Bf4 Rxf3 24.Bxc7 Rxf2 25.Rd3 b5 26.Rd6 Rxb2 27.Bd5 Ra7 28.Bb6 Re7
29.Re1 Kh5 30.Bc6 e5 31.a4 bxa4 32.Bc5 Re6 33.Rxe6 Bxe6 34.Be8+ Kh4 35.Be7+
Kg3 36.Bc6 Bc4 37.Bf3 Nf2+ 38.Kg1 Nd3 39.Ra1 Rc2 {#R} 0-1

[Event "ch-DEN 2017"]
[Site "Skorping DEN"]
[Date "2017.04.15"]
[Round "8.1"]
[White "Ochsner,B"]
[Black "Andersen,Mad"]
[Result "0-1"]
[WhiteElo "2433"]
[BlackElo "2565"]

1.e4 c5 2.Nf3 e6 3.d4 cxd4 4.Nxd4 Nc6 5.Nc3 Qc7 6.Be3 a6 7.Qf3 Nf6 8.O-O-O h5
9.Bf4 e5 10.Nd5 Nxd5 11.exd5 Nxd4 12.Rxd4 exf4 13.Rxf4 Be7 14.Re4 Qd6 15.Bd3
Kd8 16.Qe3 Bf6 17.Re1 b6 18.c4 Bb7 19.Re2 Rc8 20.a3 a5 21.Rc2 Qc5 22.Qe1 a4
23.Kb1 Kc7 24.Rce2 Kb8 25.Qd1 Qa5 26.Bc2 Ba6 27.Bxa4 Bxc4 28.Rd2 b5 29.Bb3
Rhe8 30.f3 Rxe4 31.fxe4 d6 {#R} 0-1

[Event "ch-DEN 2017"]
[Site "Skorping DEN"]
[Date "2017.04.15"]
[Round "8.5"]
[White "Carstensen,J"]
[Black "Rasmussen,Kar"]
[Result "0-1"]
[WhiteElo "2381"]
[BlackElo "2449"]

1.e4 c6 2.c4 d5 3.exd5 cxd5 4.cxd5 Qxd5 5.Nc3 Qd6 6.d4 Nf6 7.Nf3 e6 8.Bd3 Be7
9.O-O O-O 10.Qe2 Nc6 11.Rd1 b6 12.Bg5 Bb7 13.Rac1 Nb4 14.Bb1 Rac8 15.Ne5 g6
16.Re1 Nh5 17.Bh6 Rfe8 18.Rcd1 Bf8 19.Bxf8 Rxf8 20.a3 Nd5 21.Ne4 Qe7 22.g3 f5
23.Nd2 Ng7 24.Ndf3 g5 25.Ba2 g4 26.Nh4 Rc7 27.Nd3 Qf6 28.Ng2 Rfc8 29.Ne3 Ne7
30.Nf4 Bf3 31.Qd2 Bxd1 32.Nxd1 Kh8 33.Bxe6 Rd8 34.d5 Ng6 35.Nc3 Nxf4 36.Qxf4
Re7 37.Ne4 Qg6 38.Nd6 Nxe6 39.dxe6 Rxe6 40.Rxe6 Qxe6 41.Nxf5 Rd1+ 42.Kg2 Qc6+
{#R} 0-1

[Event "ch-FAI 2017"]
[Site "Runavik FAI"]
[Date "2017.04.15"]
[Round "6.2"]
[White "Poulsen,Ma"]
[Black "Ziska,H"]
[Result "0-1"]
[WhiteElo "2222"]
[BlackElo "2553"]

1.b3 e5 2.Bb2 Nc6 3.c4 g6 4.g3 Bg7 5.Bg2 d6 6.Nc3 Nge7 7.Nd5 O-O 8.e3 Nxd5
9.cxd5 Nb4 10.Qb1 c6 11.dxc6 bxc6 12.a3 Nd5 13.Ne2 Rb8 14.Qc2 Qb6 15.b4 a5
16.e4 Nc7 17.O-O Ba6 18.d3 c5 19.Bc3 cxb4 20.axb4 axb4 21.Rfb1 Qc6 22.Rb3 Nb5
23.Rxa6 Qxa6 24.Bxb4 Nd4 25.Nxd4 Qa1+ 26.Bf1 Qxd4 27.Bd2 Qa4 28.Rb2 Qxc2
29.Rxc2 Rfc8 30.Ra2 Ra8 31.Rb2 Rab8 32.Ra2 Bf6 33.Ra6 Be7 34.Be3 Rb2 35.d4
exd4 36.Bxd4 Rb4 37.Ra7 Rxd4 38.Rxe7 Rc1 39.Re8+ Kg7 40.Kg2 Re1 41.Bb5 Rexe4
42.Rd8 Rd2 43.Rd7 Re5 44.Bc6 Ree2 {#R} 0-1

[Event "TV2 GM Open 2017"]
[Site "Fagernes NOR"]
[Date "2017.04.15"]
[Round "8.10"]
[White "Al Tarbosh,W"]
[Black "Hedman,E"]
[Result "0-1"]
[WhiteElo "2219"]
[BlackElo "2367"]

1.e4 c5 2.Nf3 Nc6 3.Bb5 d6 4.O-O Bd7 5.Re1 Nf6 6.c3 a6 7.Bf1 Bg4 8.h3 Bxf3
9.Qxf3 e6 10.d3 Be7 11.Be3 O-O 12.Nd2 d5 13.Bf4 Re8 14.e5 Nd7 15.Qg4 b5 16.Re3
Bf8 17.Rae1 d4 18.Rg3 dxc3 19.bxc3 g6 20.Qd1 Bg7 21.Nf3 Qa5 22.Qc2 b4 23.c4
Nd4 24.Nxd4 cxd4 25.Qe2 Qc5 26.h4 a5 27.h5 a4 28.hxg6 hxg6 29.Qb2 b3 30.a3
Rab8 31.Rg5 Bf8 32.Bc1 Red8 33.f4 Be7 34.Rg4 Qa5 35.Rd1 Qc3 36.Rg3 Kg7 37.Rf3
Rh8 38.g3 Bxa3 39.Qxa3 b2 40.Bxb2 Qc2 41.Rf2 Rh1+ 42.Kxh1 Qxf2 43.Qe7 Rh8+
{#R} 0-1

[Event "TV2 GM Open 2017"]
[Site "Fagernes NOR"]
[Date "2017.04.15"]
[Round "8.13"]
[White "Lillevold,F"]
[Black "Jarvenpaa,J"]
[Result "0-1"]
[WhiteElo "2135"]
[BlackElo "2244"]

1.d4 Nf6 2.c4 e6 3.Nc3 Bb4 4.e3 b6 5.Nf3 Bb7 6.Bd3 c5 7.O-O O-O 8.a3 Bxc3
9.bxc3 Be4 10.Be2 Nc6 11.Nd2 Bg6 12.a4 Qc7 13.f3 d6 14.Rf2 e5 15.d5 Ne7 16.e4
h6 17.Nf1 Bh7 18.Ne3 Bxe4 19.fxe4 Nxe4 20.Rf1 Nxc3 21.Qc2 Nxe2+ 22.Qxe2 f5
23.g4 f4 24.Nd1 Qd7 25.Kh1 Kh8 26.Nc3 Ng8 27.Ne4 Nf6 28.Nxf6 Rxf6 29.a5 Raf8
30.axb6 axb6 31.Rb1 Qa7 32.Rb3 Rg6 33.Rg1 Qd7 34.Rxb6 f3 35.Qb2 f2 {#R} 0-1

[Event "TV2 IM 2017"]
[Site "Fagernes NOR"]
[Date "2017.04.15"]
[Round "8.3"]
[White "Kaasen,Tor Fredrik"]
[Black "Nyland,T"]
[Result "1-0"]
[WhiteElo "2410"]
[BlackElo "2104"]

1.e4 e6 2.d4 d5 3.Nc3 dxe4 4.Nxe4 Nd7 5.Nf3 Ngf6 6.Bd3 Nxe4 7.Bxe4 Nf6 8.Bg5
c5 9.Qe2 Qa5+ 10.Bd2 Qb6 11.Bc3 Nxe4 12.Qxe4 cxd4 13.Bxd4 Qa5+ 14.Bc3 Qf5
15.Qe2 Bd7 16.Ne5 Bc6 17.Nxc6 bxc6 18.O-O Qb5 19.Qg4 h5 20.Qf4 Rd8 21.Rad1 Rd5
22.Qc7 Qb6 23.Qc8+ Qd8 24.Qxc6+ Qd7 25.Qa8+ Qd8 26.Qxd8+ Rxd8 27.Rxd8+ Kxd8
28.Rd1+ Kc8 29.Rd4 f6 30.Ba5 Be7 31.Kf1 h4 32.b4 g5 33.Rc4+ Kb8 34.Rc6 e5
35.Re6 Rh7 36.Ke2 g4 37.Kd3 h3 38.g3 Kc8 39.Kc4 Bd8 40.Re8 {#r} 1-0

[Event "TV2 IM 2017"]
[Site "Fagernes NOR"]
[Date "2017.04.15"]
[Round "8.5"]
[White "Merkesvik,Sondre"]
[Black "Getz,N"]
[Result "0-1"]
[WhiteElo "2239"]
[BlackElo "2403"]

1.d4 Nf6 2.c4 g6 3.Nf3 Bg7 4.g3 O-O 5.Bg2 d6 6.O-O Nc6 7.Nc3 a6 8.e4 Bg4 9.Be3
Nd7 10.Ne2 Na5 11.Rc1 b5 12.Nd2 e5 13.d5 f5 14.f3 Bh5 15.h3 f4 16.gxf4 exf4
17.Bxf4 Nc5 18.Nb3 Nxc4 19.Nxc5 dxc5 20.Rxc4 bxc4 21.Qc2 Rb8 22.Qxc4 Rb4
23.Qxc5 Rxb2 24.Bxc7 Qg5 25.Rf2 Bxf3 26.Bf4 Rb1+ 27.Kh2 Rxf4 28.Bxf3 Be5
29.Ng3 Rf8 30.Bg4 Rxf2+ 31.Qxf2 Rb2 32.Be6+ Kg7 33.Qxb2 Bxb2 {#R} 0-1

[Event "TV2 Elo Open 2017"]
[Site "Fagernes NOR"]
[Date "2017.04.15"]
[Round "8"]
[White "Lundberg,Alf W."]
[Black "Nass,Maria"]
[Result "1-0"]
[WhiteElo "2011"]
[BlackElo "1659"]

1.e4 e5 2.Nf3 Nc6 3.Nc3 Bb4 4.Nd5 Bc5 5.Nxe5 Nxe5 6.d4 Bd6 7.dxe5 Bxe5 8.Qh5
Bd6 9.e5 Bc5 10.b4 Be7 11.Bc4 g6 12.Qf3 f6 13.O-O f5 14.Re1 Kf8 15.g4 d6 16.e6
Nf6 17.Bh6+ Ke8 18.gxf5 {#r} 1-0

[Event "TV2 Elo Open 2017"]
[Site "Fagernes NOR"]
[Date "2017.04.15"]
[Round "8"]
[White "Wetle Hoem,T"]
[Black "Tocklin,T"]
[Result "1-0"]
[WhiteElo "1965"]
[BlackElo "1812"]

1.d4 Nf6 2.c4 c5 3.d5 b5 4.cxb5 a6 5.b6 Qxb6 6.Nc3 d6 7.Nf3 g6 8.a4 Bg7 9.a5
Qb7 10.e4 O-O 11.Nd2 Bd7 12.Be2 Ne8 13.Nc4 Bb5 14.Nb6 Bxc3+ 15.bxc3 Bxe2
16.Qxe2 Ra7 17.c4 Nd7 18.Rb1 Nef6 19.Bh6 Rb8 20.O-O Nxb6 21.axb6 Raa8 22.e5
Nd7 23.e6 fxe6 24.Qxe6+ Kh8 25.Qxe7 Nxb6 26.Qf6+ {#r} 1-0

[Event "TV2 Elo Open 2017"]
[Site "Fagernes NOR"]
[Date "2017.04.15"]
[Round "8"]
[White "Darnell,Anton"]
[Black "Dahl,Torbjorn"]
[Result "1-0"]
[WhiteElo "1959"]
[BlackElo "1962"]

1.d4 Nf6 2.c4 Nc6 3.Nf3 e6 4.a3 d6 5.Nc3 g6 6.e4 Bg7 7.Be2 O-O 8.O-O Re8 9.Re1
e5 10.dxe5 dxe5 11.Qxd8 Rxd8 12.Bg5 Be6 13.Nd5 Bxd5 14.cxd5 Nd4 15.Nxd4 exd4
16.e5 Nxd5 17.Bxd8 Rxd8 18.Bf3 c5 19.Bxd5 Rxd5 20.f4 Kf8 21.Rac1 Ke8 22.b4 Bf8
23.bxc5 Bxc5 24.Rb1 b6 25.Rb3 a5 26.Rd3 Kd7 27.Kf2 b5 28.Kf3 Kc6 29.g4 Rd8
30.Ke4 b4 31.a4 Kd7 32.Rc1 Ba7 33.h4 h5 34.gxh5 gxh5 35.Rg3 Rb8 36.Rg7 Rf8
37.f5 b3 38.e6+ Kd6 39.Rxf7 Rxf7 40.exf7 Ke7 41.Rc7+ {#r} 1-0

[Event "TV2 Elo Open 2017"]
[Site "Fagernes NOR"]
[Date "2017.04.15"]
[Round "8"]
[White "Johansen,Ka"]
[Black "Skrede,Snorre"]
[Result "1-0"]
[WhiteElo "1929"]
[BlackElo "1920"]

1.d4 Nf6 2.Bf4 g6 3.e3 Bg7 4.Bd3 O-O 5.Ne2 d6 6.Ng3 Nbd7 7.e4 e5 8.dxe5 Nxe5
9.Be2 Be6 10.Nd2 Qd7 11.O-O Kh8 12.f3 Ng8 13.h4 h5 14.Nb3 Nc6 15.c3 Bxb3
16.axb3 a6 17.b4 Qe7 18.Bg5 f6 19.Bf4 Bh6 20.Bxh6 Nxh6 21.Qd2 Kg7 22.f4 f5
23.exf5 Nxf5 24.Nxf5+ Rxf5 25.g3 Qf7 26.b5 Ne7 27.bxa6 bxa6 28.Qd4+ Kh6
29.Bxa6 Rd8 30.Bc4 c5 31.Qe3 Qf8 32.Ra7 Nc8 33.Rb7 d5 34.Bd3 Re8 35.Qd2 Nd6
36.Bxf5 Nxf5 37.Qxd5 Re3 38.Kh2 Rxg3 39.Rf7 Qe8 40.Rxf5 Qe3 41.Rg5 Rh3+ 42.Kg2
Rxh4 {#r} 1-0

[Event "TV2 Elo Open 2017"]
[Site "Fagernes NOR"]
[Date "2017.04.15"]
[Round "8"]
[White "Syse,Knut"]
[Black "Rasmussen,Jonas H"]
[Result "0-1"]
[WhiteElo "1534"]
[BlackElo "1859"]

1.d4 Nf6 2.c4 c5 3.d5 b5 4.cxb5 a6 5.bxa6 g6 6.Nc3 Bxa6 7.e4 Bxf1 8.Kxf1 d6
9.g3 Bg7 10.Kg2 O-O 11.Nge2 Nbd7 12.Qc2 Qa5 13.h4 Rfb8 14.Nf4 Nb6 15.h5 Na4
16.hxg6 hxg6 17.Nxa4 Qxa4 18.Qxa4 Rxa4 19.e5 dxe5 20.Nd3 c4 21.Nxe5 Nxd5 22.f4
Bxe5 23.fxe5 Nb4 24.Bd2 Rxa2 25.Bxb4 Rxb2+ 26.Kf3 R8xb4 27.Ra8+ Rb8 28.Rxb8+
Rxb8 29.Rc1 Rc8 30.Rc3 Kg7 31.Ke4 Rc7 32.Kd4 Rd7+ 33.Kxc4 Rc7+ 34.Kd4 Rxc3
35.Kxc3 f6 36.e6 f5 37.Kd4 Kf6 38.Kd5 g5 39.Kd4 {#R} 0-1

[Event "TV2 Elo Open 2017"]
[Site "Fagernes NOR"]
[Date "2017.04.15"]
[Round "8"]
[White "Yilmaz,Kazim"]
[Black "Engevik,Bjarne J."]
[Result "1-0"]
[WhiteElo "1566"]
[BlackElo "1787"]

1.Nf3 b6 2.d4 Bb7 3.c4 d5 4.cxd5 Qxd5 5.Nc3 Qd8 6.e4 Nf6 7.Bd3 e6 8.Bg5 Be7
9.e5 Nd5 10.Bxe7 Qxe7 11.Nxd5 Bxd5 12.O-O Nd7 13.Qe2 c5 14.dxc5 Nxc5 15.Bb5+
Kf8 16.Rfc1 a5 17.Qe3 Rd8 18.Nd4 Qb7 19.f3 h6 20.a3 g5 21.b4 Na6 22.bxa5 bxa5
23.Bc6 Bxc6 24.Nxc6 Rd5 25.Rab1 Qd7 26.Nb8 Nxb8 27.Rxb8+ Kg7 28.Rxh8 Kxh8
29.h4 Rd3 30.Qc5 gxh4 31.Rc4 h3 32.Qf8+ Kh7 33.Rg4 f5 34.Qg8# 1-0

[Event "TV2 Elo Open 2017"]
[Site "Fagernes NOR"]
[Date "2017.04.15"]
[Round "8"]
[White "Rist,Karl-Johan"]
[Black "Rolstad,Morten"]
[Result "0-1"]
[WhiteElo "1563"]
[BlackElo "1668"]

1.e4 e5 2.f4 exf4 3.Nf3 g5 4.Bc4 g4 5.O-O gxf3 6.Qxf3 Qf6 7.d3 Bh6 8.Nc3 Ne7
9.Bd2 Nbc6 10.Bb3 Nd4 11.Qf2 Nxb3 12.axb3 Rg8 13.Rae1 Kd8 14.e5 Qg6 15.Ne4 Nf5
16.Nf6 Rg7 17.Re2 b6 18.d4 Ne3 19.Bxe3 fxe3 20.Qf3 Rb8 21.c4 Bg5 22.Nh5 Rg8
23.Ng3 Be7 24.Rxe3 Bb7 25.d5 Bc5 26.Nf5 Qg4 27.Qxg4 Rxg4 28.h3 Re4 29.Re1 Rxe5
30.Kh1 Bxe3 {#R} 0-1

[Event "TV2 Elo Open 2017"]
[Site "Fagernes NOR"]
[Date "2017.04.15"]
[Round "8"]
[White "Grindbakken,Erik"]
[Black "Hina,Ariza"]
[Result "1-0"]
[WhiteElo "1644"]
[BlackElo "1525"]

1.f4 d5 2.Nf3 Nf6 3.b3 Nc6 4.e3 Bf5 5.Bb5 a6 6.Bxc6+ bxc6 7.O-O e6 8.d3 Bd6
9.Bb2 O-O 10.Qe1 Bg6 11.Ne5 c5 12.Nxg6 fxg6 13.Nd2 Nd7 14.Rf3 e5 15.Qf2 exf4
16.exf4 g5 17.g3 g4 18.Re3 g5 19.Qe2 d4 20.Re6 gxf4 21.gxf4 Bxf4 22.Ne4 Kh8
23.Rf1 Nb6 24.Nxc5 Be3+ 25.Qxe3 Rxf1+ 26.Kxf1 Qf8+ 27.Qf2 Qxc5 28.Bxd4+ {#r}
1-0

[Event "TV2 Elo Open 2017"]
[Site "Fagernes NOR"]
[Date "2017.04.15"]
[Round "8"]
[White "Larsen,Per Magnus"]
[Black "Smedsrud,Morten S"]
[Result "0-1"]
[WhiteElo "1361"]
[BlackElo "1352"]

1.d4 d5 2.c4 e6 3.Nf3 Nf6 4.Nc3 Nbd7 5.Bg5 c6 6.e3 Qa5 7.c5 b6 8.Qa4 Qxa4
9.Nxa4 bxc5 10.dxc5 Nxc5 11.Bxf6 gxf6 12.Nxc5 Bxc5 13.Rc1 Bb4+ 14.Nd2 Bb7
15.a3 Bd6 16.Nb3 a5 17.Be2 Ke7 18.Kd2 Rhc8 19.Nc5 Bxc5 20.Rxc5 Kd6 21.Rhc1 a4
22.f3 Ba6 23.Bxa6 Rxa6 24.e4 Rb6 25.R1c2 Rxb2 26.exd5 Rxc2+ 27.Rxc2 exd5
28.Rb2 c5 29.Rb6+ Rc6 30.Rb7 Rc7 31.Rb6+ Rc6 32.Rb7 Ke6 33.Ra7 d4 34.Rxa4 c4
35.Ra8 c3+ 36.Kc1 d3 37.Rd8 Rd6 38.Re8+ Kf5 39.Re1 d2+ 40.Kc2 dxe1=Q 41.Kb3
Rb6+ {#R} 0-1

[Event "3rd HSK Easter Open 2017"]
[Site "Hamburg GER"]
[Date "2017.04.15"]
[Round "3.1"]
[White "Nedic,D"]
[Black "Foerster,A"]
[Result "1-0"]
[WhiteElo "2352"]
[BlackElo "2206"]
[EventType "swiss"]

1.d4 c5 2.d5 e5 3.e4 d6 4.Nc3 a6 5.a4 b6 6.Be2 Nd7 7.Nf3 Be7 8.O-O Ngf6 9.Nd2
O-O 10.Nc4 Ne8 11.Bg4 Bf6 12.Ra3 Rb8 13.Rb3 Qc7 14.Kh1 g6 15.f4 exf4 16.Bxd7
Bxd7 17.Bxf4 Bg7 18.Qf3 b5 19.Nxd6 Nxd6 20.Qg3 c4 21.Bxd6 Qb6 22.Rb4 Rb7
23.axb5 axb5 24.Na4 Qa7 25.Nc5 Rb6 26.Nxd7 Qxd7 27.e5 Ra8 28.Qf2 Rxd6 29.exd6
Be5 30.Qb6 Qf5 31.d7 Qxd7 32.Qxb5 Bd6 33.Qxc4 {#r} 1-0

[Event "3rd HSK Easter Open 2017"]
[Site "Hamburg GER"]
[Date "2017.04.15"]
[Round "3.4"]
[White "Trisic,A"]
[Black "Meyer,Henrik"]
[Result "1-0"]
[WhiteElo "2294"]
[BlackElo "2123"]
[EventType "swiss"]

1.d4 Nf6 2.Nf3 e6 3.c4 c5 4.e3 cxd4 5.exd4 d5 6.Nc3 Bb4 7.Bd3 dxc4 8.Bxc4 O-O
9.O-O Nc6 10.a3 Be7 11.Re1 a6 12.Ba2 b5 13.Qd3 Bb7 14.Bg5 b4 15.Na4 e5 16.Bxf6
Bxf6 17.Nc5 Rb8 18.Nxb7 Rxb7 19.Qe4 Rb6 20.dxe5 Be7 21.Rad1 Qb8 22.Rd7 bxa3
23.bxa3 Kh8 24.Bd5 Bxa3 25.Bxc6 Qc8 26.Ng5 g6 27.Nxf7+ Kg8 28.e6 Bb2 29.e7 Re8
30.Rd8 {#r} 1-0

[Event "3rd HSK Easter Open 2017"]
[Site "Hamburg GER"]
[Date "2017.04.15"]
[Round "3.5"]
[White "Habermann,Till"]
[Black "Gaede,D"]
[Result "0-1"]
[WhiteElo "1894"]
[BlackElo "2285"]
[EventType "swiss"]

1.d4 Nf6 2.c4 e6 3.Nc3 Bb4 4.Qc2 O-O 5.Bg5 h6 6.h4 d5 7.a3 Bxc3+ 8.Qxc3 c5
9.cxd5 cxd4 10.Qxd4 hxg5 11.hxg5 Nxd5 12.Qh4 f5 13.Qh5 Qa5+ 14.Kd1 Nf4 15.Qh7+
Kf7 16.Nf3 Rd8+ 17.Kc2 Qc5+ 18.Kb3 Qb5+ 19.Kc3 Nd5+ 20.Kc2 Ne3+ {#R} 0-1

[Event "3rd HSK Easter Open 2017"]
[Site "Hamburg GER"]
[Date "2017.04.15"]
[Round "3.7"]
[White "Keyser,Philipp"]
[Black "Uksini,Bardhyl"]
[Result "0-1"]
[WhiteElo "1837"]
[BlackElo "2319"]
[EventType "swiss"]

1.e4 c5 2.Nf3 e6 3.d4 cxd4 4.Nxd4 Nc6 5.Nc3 Qc7 6.f4 a6 7.Nxc6 Qxc6 8.Bd3 b5
9.Qe2 Bb7 10.Bd2 Bc5 11.O-O-O Ne7 12.a3 Rc8 13.Kb1 O-O 14.Qh5 f6 15.g4 Qb6
16.Rhe1 Bf2 17.Re2 Rf7 18.Rf1 Bd4 19.Rfe1 Bc6 20.e5 g6 21.Qh4 fxe5 22.fxe5 Bf2
23.Qg5 Bxe1 24.Rxe1 a5 25.h4 b4 26.axb4 axb4 27.Ne4 Bxe4 28.Bxe4 b3 29.h5
bxc2+ 30.Bxc2 Rb8 31.b3 Qd4 32.hxg6 hxg6 33.Be3 Qc3 34.Bd2 Rxb3+ 35.Bxb3 Qxb3+
{#R} 0-1

[Event "3rd HSK Easter Open 2017"]
[Site "Hamburg GER"]
[Date "2017.04.15"]
[Round "3.8"]
[White "Groetzbach,J"]
[Black "Hegeler,A"]
[Result "0-1"]
[WhiteElo "2246"]
[BlackElo "2145"]
[EventType "swiss"]

1.Nf3 Nf6 2.c4 d6 3.d4 Nbd7 4.Nc3 e5 5.e4 c6 6.Be2 Be7 7.O-O O-O 8.Be3 Ng4
9.Bd2 a6 10.d5 Ngf6 11.b4 c5 12.a3 h6 13.Ne1 Nh7 14.g3 Bg5 15.f4 exf4 16.gxf4
Bf6 17.Nf3 b5 18.bxc5 Bxc3 19.Bxc3 Nxc5 20.Qd4 f6 21.Rab1 bxc4 22.Bxc4 Bh3
23.Rfe1 Qe8 24.Kh1 Qh5 25.Qf2 Rae8 26.Nd2 f5 27.e5 Ne4 28.Nxe4 fxe4 29.Qg3 Bg4
30.exd6 Nf6 31.Rb7 Rc8 32.Rc7 Rcd8 33.Be5 Nd7 34.Bd4 g5 35.Be3 Kh7 36.Bf1 gxf4
37.Bxf4 Bf3+ 38.Bg2 Bxg2+ 39.Qxg2 Rxf4 40.Rxe4 Qd1+ {#R} 0-1